| 000 | 00714nam a22002297a 4500 | ||
|---|---|---|---|
| 003 | KOHA_MİRAKIL | ||
| 005 | 20260428090844.0 | ||
| 008 | 260427b tu ||||| |||| 00| 0 tur d | ||
| 020 | _a9789750524417 | ||
| 040 |
_aTR-AnABB _btur _cTR-AnABB |
||
| 041 | _atur | ||
| 082 |
_a336.2 _bPAL 2018 |
||
| 100 | 1 | _aPala, Kayıhan | |
| 245 | 1 | 0 |
_aTürkiye’de sağlıkta Kamu-Özel Ortaklığı : _bŞehir hastaneleri / _cderleyen: Kayıhan Pala |
| 246 | _aŞehir hastaneleri | ||
| 250 | _a2. baskı | ||
| 260 |
_aİstanbul : _bİletişim Yayıncılık, _c2018 |
||
| 300 |
_a328 sayfa ; _c20 cm |
||
| 650 | 0 | 4 | _aSağlık yatırımları, Türkiye |
| 900 | _bCan ÇELIK | ||
| 942 |
_2ddc _cBK |
||
| 999 |
_c10332 _d10332 |
||